000
00263nam a22001217a 4500
008
170615b xxu||||| |||| 00| 0 eng d
041
_a
eng
080
_a
32
100
_a
19
101
_a
SHP
245
_a
MODERN BRTISH POLITICS
_c
BEER..S.H
942
_2
udc
_c
BK
999
_c
17477
_d
17477